000 01671nam0a2200385 4500
001 RU\NLR\bibl\1018259
005 20260405120639.0
010 _a5-94737-027
_9500
021 _aRU
_b2006-69423
_93492
035 _a(NLR Aleph) 001005811
090 _a607351
_c607351
100 _a20061207d2006 |||y0rusy50 ca
101 0 _arus
_deng
102 _aRU
105 _aa |||||||||
200 1 _aЭкономическая организация лесопользования в условиях долгосрочной аренды лесного фонда
_dEconomic organisation of forest use under long-term lease of forest fund
_fФилюшкина Галина Николаевна
_zeng
210 _aПушкино
_cВНИИЛМ
_d2006
215 _a171,[1] с.
_cил.
_d20
300 _aАвт. также на англ. яз.: Filyshkina G.N.
300 _aРез. на англ. яз.
320 _aБиблиогр.: с. 157-172 (318 назв.)
510 1 _6z20790
_aEconomic organisation of forest use under long-term lease of forest fund
_zrus
606 1 _aЛесной фонд
_xДинамика
_xАнализ
_91473120
_3RU\NLR\auth\66625985
606 1 _aЛесное хозяйство
_9993890
_3RU\NLR\auth\6658014
686 _aУ34(2)1-51
686 _aП3
700 1 _4070
_7ca
_8rus
_aФилюшкина
_bГ. Н.
_gГалина Николаевна
_929715
_3RU\NLR\auth\7746780
790 1 _4070
_7ba
_8rus
_aFiljuškina
_bG. N.
_gGalina Nikolaevna
_929716
_3RU\NLR\auth\7746781
801 0 _aRU
_bNLR
_c20061207
_grcr
801 1 _aRU
_bNLR
_c20061207
830 _aпо кн
942 _cBOOK
980 _aNB
980 _aNBR